<?xml version="1.0" encoding="UTF-8"?>
<record
    xmlns:xsi="http://www.w3.org/2001/XMLSchema-instance"
    xsi:schemaLocation="http://www.loc.gov/MARC21/slim http://www.loc.gov/standards/marcxml/schema/MARC21slim.xsd"
    xmlns="http://www.loc.gov/MARC21/slim">

  <leader>01828njm a2200361Ia 4500</leader>
  <controlfield tag="001">21026</controlfield>
  <controlfield tag="003">IT-RoPAU</controlfield>
  <controlfield tag="005">20220918181128.0</controlfield>
  <controlfield tag="008">131025s9999    xx            000 0 und d</controlfield>
  <datafield tag="040" ind1=" " ind2=" ">
    <subfield code="a">IT-RoPAU</subfield>
  </datafield>
  <datafield tag="040" ind1=" " ind2=" ">
    <subfield code="c">IT-RoPAU</subfield>
  </datafield>
  <datafield tag="999" ind1=" " ind2=" ">
    <subfield code="c">100329</subfield>
    <subfield code="d">100329</subfield>
  </datafield>
  <datafield tag="999" ind1=" " ind2=" ">
    <subfield code="b">n.d.</subfield>
  </datafield>
  <datafield tag="100" ind1=" " ind2=" ">
    <subfield code="a">AA.VV.</subfield>
    <subfield code="9">794</subfield>
  </datafield>
  <datafield tag="100" ind1=" " ind2=" ">
    <subfield code="e">Autore musica</subfield>
    <subfield code="9">4507</subfield>
  </datafield>
  <datafield tag="100" ind1=" " ind2=" ">
    <subfield code="g">Codice autore musica SPICS: 12000</subfield>
    <subfield code="9">796</subfield>
  </datafield>
  <datafield tag="245" ind1=" " ind2=" ">
    <subfield code="a">Biennale musica 1982: numero e suono (5)</subfield>
  </datafield>
  <datafield tag="250" ind1=" " ind2=" ">
    <subfield code="a">1a ed.</subfield>
  </datafield>
  <datafield tag="260" ind1=" " ind2=" ">
    <subfield code="a">ROMA</subfield>
  </datafield>
  <datafield tag="260" ind1=" " ind2=" ">
    <subfield code="b">SPICS RECORDS</subfield>
    <subfield code="c">1982 [1a Ed.:1982]</subfield>
  </datafield>
  <datafield tag="300" ind1=" " ind2=" ">
    <subfield code="a">MUSICASSETTA</subfield>
  </datafield>
  <datafield tag="500" ind1=" " ind2=" ">
    <subfield code="a">Musica strumentale. Strumentismo Utopico. Poemetto per Dieci Flauti. Dalle sale Apollinee del Teatro la Fenice di Venezia</subfield>
  </datafield>
  <datafield tag="505" ind1=" " ind2=" ">
    <subfield code="a">Due pezzi per violino - Claire per clarinetto - Inside per viola - Superscriptio per ottavino - Traits suspendus per flauto basso - Let me Die Before I Wake per clarinetto</subfield>
  </datafield>
  <datafield tag="650" ind1=" " ind2=" ">
    <subfield code="a">STRUMENTALE [CASSETTE]</subfield>
    <subfield code="e">Codice MATERIA SPICS: 9951</subfield>
    <subfield code="9">1218</subfield>
  </datafield>
  <datafield tag="700" ind1=" " ind2=" ">
    <subfield code="a">Petazzi Paolo</subfield>
    <subfield code="d">Codice autore testo SPICS: 11572</subfield>
    <subfield code="e">Autore testo</subfield>
    <subfield code="9">4508</subfield>
  </datafield>
  <datafield tag="700" ind1=" " ind2=" ">
    <subfield code="a">Cappelli Gilberto</subfield>
    <subfield code="d">Codice autore musica SPICS: 8433</subfield>
    <subfield code="e">Autore musica</subfield>
    <subfield code="p">Due pezzi per violino</subfield>
    <subfield code="9">4509</subfield>
  </datafield>
  <datafield tag="700" ind1=" " ind2=" ">
    <subfield code="a">Donatoni Franco</subfield>
    <subfield code="d">Codice autore musica SPICS: 7147</subfield>
    <subfield code="e">Autore musica</subfield>
    <subfield code="p">Claire per clarinetto</subfield>
    <subfield code="9">4510</subfield>
  </datafield>
  <datafield tag="700" ind1=" " ind2=" ">
    <subfield code="a">Dusapin Pascal</subfield>
    <subfield code="d">Codice autore musica SPICS: 10496</subfield>
    <subfield code="e">Autore musica</subfield>
    <subfield code="p">Inside per viola</subfield>
    <subfield code="9">4511</subfield>
  </datafield>
  <datafield tag="700" ind1=" " ind2=" ">
    <subfield code="a">Ferneyhough Brian</subfield>
    <subfield code="d">Codice autore musica SPICS: 10892</subfield>
    <subfield code="e">Autore musica</subfield>
    <subfield code="p">Superscriptio per ottavino</subfield>
    <subfield code="9">4512</subfield>
  </datafield>
  <datafield tag="700" ind1=" " ind2=" ">
    <subfield code="a">Mefano Paul</subfield>
    <subfield code="d">Codice autore musica SPICS: 6242</subfield>
    <subfield code="e">Autore musica</subfield>
    <subfield code="p">Traits suspendus per flauto basso</subfield>
    <subfield code="9">4513</subfield>
  </datafield>
  <datafield tag="700" ind1=" " ind2=" ">
    <subfield code="a">Sciarrino Salvatore</subfield>
    <subfield code="d">Codice autore musica SPICS: 1416</subfield>
    <subfield code="e">Autore musica</subfield>
    <subfield code="p">Let me Die Before I Wake per clarinetto</subfield>
    <subfield code="9">4514</subfield>
  </datafield>
  <datafield tag="700" ind1=" " ind2=" ">
    <subfield code="a">Petazzi Paolo</subfield>
    <subfield code="d">Codice autore testo SPICS: 11572</subfield>
    <subfield code="e">Autore</subfield>
    <subfield code="9">4515</subfield>
  </datafield>
  <datafield tag="942" ind1=" " ind2=" ">
    <subfield code="c">MC</subfield>
    <subfield code="2">ddc</subfield>
  </datafield>
  <datafield tag="952" ind1=" " ind2=" ">
    <subfield code="0">0</subfield>
    <subfield code="1">0</subfield>
    <subfield code="4">0</subfield>
    <subfield code="6">21026_000000000000000</subfield>
    <subfield code="7">1</subfield>
    <subfield code="a">SPICS</subfield>
    <subfield code="b">SPICS</subfield>
    <subfield code="d">2013-10-25</subfield>
    <subfield code="l">0</subfield>
    <subfield code="o">21026</subfield>
    <subfield code="r">2013-10-25 00:00:00</subfield>
    <subfield code="w">2013-10-25</subfield>
    <subfield code="y">MC</subfield>
    <subfield code="z">Progr. Ins.: 3686 / N.Vol.: n.d. / Copie: 1 - Copia rara: n.d. / date import: 01.01.2014 - By Epidotti, Trombetti, Vaglietti</subfield>
  </datafield>
</record>
